[Event "Harrogate 4NCL op-C 31st"]
[Site "Harrogate"]
[Date "2024.01.20"]
[Round "2"]
[White "Cox, Kevin"]
[Black "Zigmond, Andrew"]
[Result "1-0"]
[WhiteElo "1589"]
[BlackElo "1661"]
[PlyCount "115"]
[EventDate "2024.01.19"]
[EventType "swiss"]
[EventRounds "5"]
[EventCountry "ENG"]
[SourceTitle "EXT 2025"]
[Source "ChessBase"]
[SourceDate "2024.10.14"]
[SourceVersion "1"]
[SourceVersionDate "2024.10.14"]
[SourceQuality "1"]

1. Nf3 Nf6 2. d4 g6 3. g3 Bg7 4. Bg2 0-0 5. 0-0 c5 6. e3 cxd4 7. exd4 d6 8. c3 Bg4 9. Qb3 Qc7 10. Nbd2 Nc6 11. Re1 Qd7 12. a4 Na5 13. Qb4 b6 14. Qb5 Qxb5 15. axb5 e6 16. b4 Nb7 17. Ng5 d5 18. Ndf3 Nd6 19. Bf1 Rfc8 20. Bb2 Bxf3 21. Nxf3 Nfe4 22. Ra3 Rc7 23. Rea1 Nc4 24. Bxc4 dxc4 25. Ra6 Rb7 26. Kf1 Nd6 27. Nd2 Bh6 28. f4 g5 29. fxg5 Bxg5 30. Nf3 Bd8 31. Ne5 Nxb5 32. Nxc4 Rc8 33. Ne5 Nxc3 34. Rxa7 Rxa7 35. Rxa7 Nd5 36. Nxf7 Nxb4 37. Nh6+ Kf8 38. Rxh7 Rc7 39. Rxc7 Bxc7 40. Ba3 Bd6 41. Ng4 Ke7 42. Ne5 Nc2 43. Bxd6+ Kxd6 44. Nf3 b5 45. Ke2 b4 46. Kd3 b3 47. Kc3 Kd5 48. Kb2 Nxd4 49. Nxd4 Kxd4 50. Kxb3 Ke3 51. h4 e5 52. h5 e4 53. h6 Kf2 54. h7 e3 55. h8Q e2 56. Qe5 e1Q 57. Qxe1+ Kxe1 58. g4 1-0

[Event "South Normanton Hull op 56th"]
[Site "South Normanton"]
[Date "2019.11.03"]
[Round "4"]
[White "Bettley, Mark S"]
[Black "Cox, Kevin"]
[Result "1-0"]
[WhiteElo "121"]
[BlackElo "122"]
[PlyCount "97"]
[EventDate "2019.11.01"]
[EventType "swiss"]
[EventRounds "5"]
[EventCountry "ENG"]
[SourceTitle "EXT 2025"]
[Source "ChessBase"]
[SourceDate "2024.10.14"]
[SourceVersion "1"]
[SourceVersionDate "2024.10.14"]
[SourceQuality "1"]

1. e4 e6 2. d4 b6 3. Nf3 Bb7 4. Bd3 g6 5. Be3 Bg7 6. Nbd2 a6 7. c3 b5 8. 0-0 d6 9. Nb3 Nd7 10. Na5 Rb8 11. Nxb7 Rxb7 12. Qd2 h5 13. h3 Bh6 14. Bxh6 Rxh6 15. Ng5 Qe7 16. f4 f6 17. Nf3 Rb8 18. Rae1 Kd8 19. e5 f5 20. exd6 cxd6 21. Ng5 Nf8 22. Re2 d5 23. Rfe1 Rb6 24. Re5 Nf6 25. R5e2 h4 26. b3 Rd6 27. Nf3 Ne4 28. Bxe4 dxe4 29. Ne5 Rh7 30. Rc1 Qa7 31. Kf1 Rc7 32. Qe3 Qb6 33. Rd2 Ke8 34. Qf2 Rh7 35. Qe3 Rd8 36. Qf2 Ke7 37. c4 bxc4 38. Rxc4 Ke8 39. Rdc2 Qb5 40. Kg1 Qb6 41. Kh1 Rh6 42. Rc8 Qb7 43. Rxd8+ Kxd8 44. Qd2 Rh7 45. Qa5+ Ke8 46. Qa4+ Qb5 47. Rc8+ Ke7 48. Qa3+ Kf6 49. Qxf8+ 1-0

[Event "Northumberland-ch Gilroy"]
[Site "Northumberland"]
[Date "2019.03.09"]
[Round "5"]
[White "Cox, Kevin"]
[Black "Xu, Weiming"]
[Result "0-1"]
[WhiteElo "137"]
[BlackElo "112"]
[PlyCount "134"]
[EventDate "2018.10.27"]
[EventType "swiss"]
[EventRounds "7"]
[EventCountry "ENG"]
[SourceTitle "EXT 2020"]
[Source "ChessBase"]
[SourceDate "2019.10.17"]
[SourceVersion "1"]
[SourceVersionDate "2019.10.17"]
[SourceQuality "1"]

1. Nf3 Nc6 2. d4 d5 3. g3 Nf6 4. Bg2 e6 5. c3 Bd6 6. Bg5 h6 7. Bxf6 Qxf6 8. 0-0 0-0 9. Nbd2 e5 10. dxe5 Nxe5 11. Nxe5 Qxe5 12. e3 c6 13. Nb3 b6 14. Re1 Bb7 15. Qd2 Rfe8 16. Red1 Rad8 17. Qd3 Bc8 18. Qd4 Qxd4 19. Rxd4 Bc5 20. Nxc5 bxc5 21. Ra4 Re7 22. Ra5 c4 23. Rd1 Rb7 24. Rd2 Be6 25. Bf1 Rdb8 26. Kg2 Rxb2 27. Rxb2 Rxb2 28. Rxa7 Rc2 29. a4 Rxc3 30. Rc7 Ra3 31. Rxc6 Rxa4 32. Be2 Ra2 33. Bf3 Rd2 34. Rc5 d4 35. exd4 Rxd4 36. h3 Rd8 37. Be2 Rd2 38. Bf3 Rd3 39. g4 c3 40. Ra5 g6 41. Ra1 c2 42. Rc1 Bb3 43. Be4 Rd1 44. Rxc2 Bxc2 45. Bxc2 Rd4 46. Kg3 Kg7 47. f3 g5 48. h4 gxh4+ 49. Kxh4 Kf6 50. Be4 Rd2 51. Kg3 Ke5 52. Bb7 f5 53. f4+ Kf6 54. gxf5 Kxf5 55. Bc8+ Kf6 56. f5 Rd8 57. Be6 Kg5 58. Kg2 h5 59. Kh2 Rd2+ 60. Kg1 h4 61. Kh1 Kf6 62. Bc8 h3 63. Be6 h2 64. Bc8 Kg5 65. Be6 Kh4 66. f6 Kg3 67. Bb3 Re2 0-1